000 00508cam a22001932 4500
001 0000004137
005 20170406115605.0
008 140818s xx 000 0 eng d
020 _c$
040 _aYour Holding Symbol
_cYour Holding Symbol
100 1 _aJames,Henry.
245 1 4 _aThe portrait of a lady.
250 _a ed.
260 _aNew york :
_bNorton,
_c1995.
300 _a785 p. ;
_c cm.
504 _abibliographical.
650 0 _aamerican literature.
908 _a140818
999 _c3978
_d3978